Teatro / (Record no. 113820)

MARC details
000 -LEADER
campo de control de longitud fija 02506nam a2200469 4500
001 - NÚMERO DE CONTROL
campo de control 113820
003 - IDENTIFICADOR DE NÚMERO DE CONTROL
campo de control ES-MaACL
005 - FECHA Y HORA DE LA ÚLTIMA TRANSACCIÓN
campo de control 20250804062613.0
007 - CAMPO FIJO DE DESCRIPCIÓN FÍSICA--INFORMACIÓN GENERAL
campo de control de longitud fija t|
008 - DATOS DE LONGITUD FIJA--INFORMACIÓN GENERAL
campo de control de longitud fija 210831s2020 sp 0011ddspa d
020 ## - NÚMERO INTERNACIONAL ESTÁNDAR DEL LIBRO
Número Internacional Estándar del Libro 978-84-18333-34-7
080 ## - NÚMERO DE LA CLASIFICACIÓN DECIMAL UNIVERSAL
Número de la Clasificación Decimal Universal 821.134.2-23"18"
100 1# - ENTRADA PRINCIPAL--NOMBRE DE PERSONA
Nombre de persona Pérez Galdós, Benito,
Fechas asociadas al nombre 1843-1920
9 (RLIN) 90871
245 10 - MENCIÓN DEL TÍTULO
Título Teatro /
Mención de responsabilidad, etc. Benito Pérez Galdós ; presentación de Juan Armindo Hernández Montero ; prólogo de Rosa Amor del Olmo ; preámbulo de Francisco Cánovas ; palabras preliminares de Antonio Chazarra Montiel.
250 ## - MENCION DE EDICION
Mención de edición 1ª ed.
260 ## - PUBLICACIÓN, DISTRIBUCIÓN, ETC.
Lugar de publicación, distribución, etc. Madrid :
Nombre del editor, distribuidor, etc. Ateneo de Madrid :
-- Sial Pigmalión,
Fecha de publicación, distribución, etc. 2020.
300 ## - DESCRIPCIÓN FÍSICA
Extensión 318 p. ;
Dimensiones 21 cm.
490 1# - MENCIÓN DE SERIE
Mención de serie Colección de teatro candilejas ;
Designación de volumen o secuencia 18
500 ## - NOTA GENERAL
Nota general Catalogación provisional. Signatura: N 8592. Depósito J.
505 8# - NOTA DE CONTENIDO CON FORMATO
Nota de contenido con formato Contiene: Benito Pérez Galdós y el viejo Ateneo de la calle Montera / Juan Armindo Hernández Montero . Galdós desde el anfiteatro / Rosa Amor del Olmo . La obra teatral de Galdós / Francisco Cánovas . Galdós: un excelente dramaturgo al que no eclipsa el mejor novelista del siglo XX / Antonio Chazarra Montiel . Electra ; El tacaño Salomón (Sperate Miseri): comedia en dos actos ; Santa Juana de Castilla: tragicomedia en tres actos / Benito Pérez Galdós
600 14 - PUNTO DE ACCESO ADICIONAL DE MATERIA--NOMBRE DE PERSONA
Nombre de persona Pérez Galdós, Benito,
Fechas asociadas al nombre 1843-1920-
Subdivisión general Crítica e interpretación
9 (RLIN) 90875
700 1# - ENTRADA AGREGADA--NOMBRE PERSONAL
Nombre de persona Pérez Galdós, Benito,
Fechas asociadas al nombre 1843-1920
9 (RLIN) 90871
700 1# - ENTRADA AGREGADA--NOMBRE PERSONAL
Nombre de persona Pérez Galdós, Benito,
Fechas asociadas al nombre 1843-1920.
Título de la obra Electra
9 (RLIN) 138132
700 1# - ENTRADA AGREGADA--NOMBRE PERSONAL
Nombre de persona Pérez Galdós, Benito,
Fechas asociadas al nombre 1843-1920
Número Internacional Normalizado para Publicaciones Seriadas Teatro.
9 (RLIN) 90871
700 1# - ENTRADA AGREGADA--NOMBRE PERSONAL
Nombre de persona Hernández Montero, Juan Armindo
9 (RLIN) 168574
700 1# - ENTRADA AGREGADA--NOMBRE PERSONAL
Nombre de persona Amor del Olmo, Rosa,
Fechas asociadas al nombre 1963-
9 (RLIN) 137798
700 1# - ENTRADA AGREGADA--NOMBRE PERSONAL
Nombre de persona Cánovas Sánchez, Francisco,
Fechas asociadas al nombre 1949-
9 (RLIN) 34609
700 1# - ENTRADA AGREGADA--NOMBRE PERSONAL
Nombre de persona Chazarra Montiel, Antonio
9 (RLIN) 173627
710 2# - ENTRADA AGREGADA--NOMBRE DE ENTIDAD CORPORATIVA
Nombre de entidad corporativa o nombre de jurisdicción como elemento de entrada Ateneo de Madrid.
9 (RLIN) 1875
740 02 - ENTRADA AGREGADA--TÍTULO RELACIONADO/ANALÍTICO NO CONTROLADO
Título relacionado o analítico no controlado Electra.
740 32 - ENTRADA AGREGADA--TÍTULO RELACIONADO/ANALÍTICO NO CONTROLADO
Título relacionado o analítico no controlado El tacaño Salomón.
740 02 - ENTRADA AGREGADA--TÍTULO RELACIONADO/ANALÍTICO NO CONTROLADO
Título relacionado o analítico no controlado Santa Juana de Castilla.
740 02 - ENTRADA AGREGADA--TÍTULO RELACIONADO/ANALÍTICO NO CONTROLADO
Título relacionado o analítico no controlado Benito Pérez Galdós y el viejo Ateneo de la calle Montera.
830 1# - PUNTO DE ACCESO ADICIONAL DE SERIE-TÍTULO UNIFORME
Título uniforme Colección de teatro candilejas ;
Designación de volumen o secuencia 18
9 (RLIN) 226815
852 4# - LOCALIZACIÓN
Ubicación ES-MaACL
itemnumber 118101
Número de control de estantería A-14758
Ubicación en estantería Sala Pecera Depósito 2
Sublocalización o colección R.152948
Signatura antigua Olim: N-7758/Ej.1
Donativo/Legado Donación: Editorial
852 4# - LOCALIZACIÓN
Ubicación ES-MaACL
itemnumber 200416
Sublocalización o colección R.151948
Número de control de estantería N-8592
Ubicación en estantería Depósito J
Nota libre En proceso
Anotaciones manuscritas Dedicatoria autógrafa de los autores
Donativo/Legado Donación: sin sello
942 ## - ELEMENTOS DE ENTRADA SECUNDARIOS (KOHA)
Fuente del sistema de clasificación o colocación Clasificación decimal universal
Tipo de ítem Koha Libro impreso
Holdings
Estatus retirado Estado de pérdida Fuente del sistema de clasificación o colocación Estado de daño Restricciones de uso No para préstamo Biblioteca de origen Biblioteca actual Ubicación en estantería Fecha de adquisición Fuente de adquisición Total de préstamos Signatura topográfica completa Código de barras Visto por última vez Precio de reemplazo Tipo de ítem Koha Colección Nota pública
    Clasificación decimal universal   Duplicado   Biblioteca del Ateneo de Madrid Biblioteca del Ateneo de Madrid Depósito 1 31/08/2021 Donación   A-14758 1202676 23/02/2023 23/02/2023 Libro impreso    
    Clasificación decimal universal       Biblioteca del Ateneo de Madrid Biblioteca del Ateneo de Madrid Depósito J 01/07/2023 Donación   N-8592 101205709 28/07/2023 28/07/2023   Libros con dedicatorias Dedicatoria autógrafa de los autores